000 00347pam a2200133a 44500
008 230405s xxu||||| |||| 00| 0 eng d
041 _aENG
100 _aA
245 _aWEBSTER`S UNIVERSAL DICTIONARY AND THESAURS
250 _a2002
260 _aSCOTLAND
_bGEDDDES & GROSSET PUBLICATION SCOTLAND
_c
650 _aOFFICIAL & GENERAL
906 _a966
999 _c276237
_d276237